000 00349nam a22001457a 4500
008 210310b ||||| |||| 00| 0 eng d
020 _a0534586198
041 _aeng
080 _24th
_a311
082 _a311
100 _a55
101 _aSTA
245 _aEssentials of Statistics for the Behavioral Sciences
_cGravetter, F. J
942 _2udc
_cBK
999 _c56156
_d56156